Online
Catalog

Ciencia, tecnología & sociedad : (Record no. 30135)

MARC details
000 -CABECERA
campo de control de longitud fija 02483nam a2200373 i 4500
001 - NÚMERO DE CONTROL
campo de control 000030643
003 - IDENTIFICADOR DEL NÚMERO DE CONTROL
campo de control DO-SdBNP
005 - FECHA Y HORA DE LA ÚLTIMA TRANSACCIÓN
campo de control 20260416092024.0
007 - CAMPO FIJO DE DESCRIPCIÓN FÍSICA--INFORMACIÓN GENERAL
campo de control de longitud fija ta
008 - DATOS DE LONGITUD FIJA--INFORMACIÓN GENERAL
campo de control de longitud fija 081031t2011 dr r 001 0 spa d
020 ## - NÚMERO INTERNACIONAL ESTÁNDAR DEL LIBRO
Número Internacional Estándar del Libro 8489525579
040 ## - FUENTE DE LA CATALOGACIÓN
Centro catalogador/agencia de origen DO-SdBNP
Lengua de catalogación spa
Centro/agencia transcriptor BNPHU
Normas de descripción rda
041 ## - CÓDIGO DE LENGUA
Código de lengua del texto/banda sonora o título independiente spa
082 #4 - NÚMERO DE LA CLASIFICACIÓN DECIMAL DEWEY
Número de clasificación 501
Número de documento/Ítem C569t 2011
Número de edición 22
245 00 - MENCIÓN DE TÍTULO
Título Ciencia, tecnología & sociedad :
Resto del título selección de textos de quehacer científico I /
Mención de responsabilidad, etc. compilador, Andrés Molina
264 #4 - PRODUCCIÓN, PUBLICACIÓN, DISTRIBUCIÓN, FABRICACIÓN Y COPYRIGHT
Producción, publicación, distribución, fabricación y copyright Santo Domingo :
Nombre del de productor, editor, distribuidor, fabricante INTEC,
Fecha de producción, publicación, distribución, fabricación o copyright ©2011.
300 ## - DESCRIPCIÓN FÍSICA
Extensión 246 páginas ;
Dimensiones 23 cm.
336 ## - TIPO DE CONTENIDO
Término de tipo de contenido texto
Código de tipo de contenido txt
Fuente rdacontent
337 ## - TIPO DE MEDIO
Nombre/término del tipo de medio sin mediación
Código del tipo de medio n
Fuente rdamedia
338 ## - TIPO DE SOPORTE
Nombre/término del tipo de soporte volumen
Código del tipo de soporte nc
Fuente rdacarrier
500 ## - NOTA GENERAL
Nota general La biblioteca posee la segunda reimpresión del 2011.
505 0# - NOTA DE CONTENIDO CON FORMATO
Nota de contenido con formato Introducción--
Título La ciencia, una construcción humana /
Mención de responsabilidad Andrés Molina --
Información miscelánea Parte 1--
Título El saber científico --
-- ¿Qué es la ciencia? /
Mención de responsabilidad Mario Bunge --
Título Ciencia y filosofía /
Mención de responsabilidad Marx Wartofsky --
Información miscelánea Parte 2--
Título Ciencia, tecnología y sociedad--
-- Orígenes de las relaciones ciencia-poder político /
Mención de responsabilidad J. J. Salomon --
Título Ciencia moderna y burguesía /
Mención de responsabilidad Stefano Sonnati --
Título Ciencia, tecnología y desarrollo: algunos modelos de relación /
Mención de responsabilidad Luis A. Camacho N. --
Título El desarrollo de la tecnología /
Mención de responsabilidad Gomory E. Ralph --
Título Ciencia y tecnología /
Mención de responsabilidad J. Ziman --
Título La tecnología y nuestras responsabilidades hacia las generaciones futuras /
Mención de responsabilidad Jhon J. Snyder --
Información miscelánea Parte 3 --
Título ¿Hay un método de la ciencia? --
-- El método científico /
Mención de responsabilidad Mario Bunge --
Título Las hipótesis y el método científico /
Mención de responsabilidad Cohen-Nagel --
Título Miseria de la metodología /
Mención de responsabilidad Andrés Molina --
Título Revoluciones científicas y cambios conceptuales /
Mención de responsabilidad H. Browun --
Información miscelánea Parte 4 --
Título Crítica de la razón científica --
-- Prosupuestos y límites de la ciencia --
Mención de responsabilidad Peter E. Hodgson --
Título Los argumentos extraídos de la metodología no demuestran la superioridad de la ciencia /
Mención de responsabilidad Paul Feyerabend.
590 ## - NOTA LOCAL (RLIN)
Nota local Inventariado, 2018/BT
650 #4 - PUNTO DE ACCESO ADICIONAL DE MATERIA--TÉRMINO DE MATERIA
Término de materia o nombre geográfico como elemento de entrada Filosofía de la ciencia
Subdivisión general Ensayos, conferencias, etc.
9 (RLIN) 334
650 #4 - PUNTO DE ACCESO ADICIONAL DE MATERIA--TÉRMINO DE MATERIA
Término de materia o nombre geográfico como elemento de entrada Filosofía de la ciencia
Subdivisión general Estudio y enseñanza
9 (RLIN) 335
650 #4 - PUNTO DE ACCESO ADICIONAL DE MATERIA--TÉRMINO DE MATERIA
Término de materia o nombre geográfico como elemento de entrada Ciencia
Subdivisión general Ensayos, conferencias, etc.
9 (RLIN) 336
650 #4 - PUNTO DE ACCESO ADICIONAL DE MATERIA--TÉRMINO DE MATERIA
Término de materia o nombre geográfico como elemento de entrada Ciencia
Subdivisión general Estudio y enseñanza
9 (RLIN) 337
650 #4 - PUNTO DE ACCESO ADICIONAL DE MATERIA--TÉRMINO DE MATERIA
Término de materia o nombre geográfico como elemento de entrada Tecnología
Subdivisión general Ensayos, conferencias, etc.
9 (RLIN) 338
650 #4 - PUNTO DE ACCESO ADICIONAL DE MATERIA--TÉRMINO DE MATERIA
Término de materia o nombre geográfico como elemento de entrada Tecnología
Subdivisión general Estudio y enseñanza
9 (RLIN) 339
700 1# - PUNTO DE ACCESO ADICIONAL--NOMBRE DE PERSONA
Nombre de persona Molina, Andrés,
Término indicativo de función/relación compilador
Código de función/relación comp.
9 (RLIN) 340
710 2# - PUNTO DE ACCESO ADICIONAL--NOMBRE DE ENTIDAD CORPORATIVA
Nombre de entidad corporativa o nombre de jurisdicción como elemento de entrada Instituto Tecnológico de Santo Domingo
9 (RLIN) 78911
910 ## - DATOS DE OPCIÓN DEL USUARIO (OCLC)
Datos de opción del usuario Validado. Control de calidad. MFF
942 ## - ELEMENTOS DE PUNTO DE ACCESO ADICIONAL (KOHA)
Fuente del sistema de clasificación o colocación Dewey Decimal Classification
Tipo de ítem Koha Libro
Holdings
Estado de retiro Estado de pérdida Fuente del sistema de clasificación o colocación Restricciones de uso No para préstamo Código de colección Localización permanente Ubicación/localización actual Ubicación en estantería Fecha de adquisición Fuente de adquisición Total de préstamos Signatura topográfica completa Código de barras Fecha visto por última vez Número de copia Precio válido a partir de Tipo de ítem Koha
    Dewey Decimal Classification Préstamo en sala   Dominicana de Servicio Biblioteca Nacional Pedro Henríquez Ureña Biblioteca Nacional Pedro Henríquez Ureña Depósito 23.03.2012 Depósito Legal   BNPHU DS 501 C569t 2011 30643-30 25.06.2020 e. 3 25.06.2020 Libro
    Dewey Decimal Classification Excluido de préstamo   Patrimonio Dominicano Biblioteca Nacional Pedro Henríquez Ureña Biblioteca Nacional Pedro Henríquez Ureña Depósito 25.05.2011 Depósito Legal   BNPHU PD 501 C569t 2011 30643-10 25.06.2020   25.06.2020 Libro
    Dewey Decimal Classification Excluido de préstamo   Patrimonio Dominicano Biblioteca Nacional Pedro Henríquez Ureña Biblioteca Nacional Pedro Henríquez Ureña Depósito 25.05.2011 Depósito Legal   BNPHU PD 501 C569t 2011 30643-20 25.06.2020 e. 2 25.06.2020 Libro

Powered by Koha